| 000 | 00430nam a22001457a 4500 | ||
|---|---|---|---|
| 020 | _a9781259062735 | ||
| 040 | _cNUST | ||
| 082 | _a621.382 MIS | ||
| 100 |
_aMisra, Iti Saha _957870 |
||
| 245 |
_aWireless Communications and Networks: _b3G and Beyond |
||
| 250 | _a2nd Edition | ||
| 260 |
_aNew Dehli: _bMcGraw Hill Education, _c2015. |
||
| 650 |
_aWireless Communications and Networks 3G and Beyond _9113047 |
||
| 942 |
_2ddc _cBK |
||
| 999 |
_c594929 _d594929 |
||